[Event "GER-chT U20"]
[Site "Ditzingen"]
[Date "2003.12.30"]
[Round "7.5"]
[White "Klinger, Severin"]
[Black "Iounoussov, Maksim"]
[Result "0-1"]
[WhiteElo "1530"]
[BlackElo "2096"]
[PlyCount "84"]
[EventDate "2003.12.27"]
[EventType "team-swiss"]
[EventRounds "7"]
[EventCountry "GER"]
[SourceTitle "EXT 2022"]
[Source "ChessBase"]
[SourceDate "2021.10.06"]
[SourceVersion "1"]
[SourceVersionDate "2021.10.06"]
[SourceQuality "1"]
[WhiteTeam "Geretsried TuS U20"]
[BlackTeam "Bochum SG 31 U20"]
[WhiteTeamCountry "GER"]
[BlackTeamCountry "GER"]

1. d4 d5 2. Nf3 Nc6 3. Bf4 Bg4 4. e3 Nf6 5. c3 e6 6. Be2 Be7 7. Nbd2 0-0 8. 0-0 Re8 9. Ne5 Bxe2 10. Qxe2 Nxe5 11. Bxe5 c5 12. Rfc1 Nd7 13. Bg3 Qb6 14. Nf3 Bd6 15. Bxd6 Qxd6 16. Rd1 Rad8 17. Rac1 Nb6 18. e4 cxd4 19. Rxd4 e5 20. Rd2 Qc7 21. Rcd1 dxe4 22. Rxd8 Rxd8 23. Rxd8+ Qxd8 24. Qxe4 f6 25. h3 Qd7 26. b3 Qd1+ 27. Qe1 Qxe1+ 28. Nxe1 Nd5 29. c4 Nc3 30. a4 Ne2+ 31. Kf1 Nd4 32. b4 e4 33. g3 Kf7 34. Ng2 Ke6 35. Nf4+ Ke5 36. Nd5 Nc2 37. Ke2 Kd4 38. Kd2 Kxc4 39. Nc3 e3+ 40. Kxc2 exf2 41. Nd1 f1N 42. b5 Nxg3 0-1

[Event "GER-chT U20"]
[Site "Ditzingen"]
[Date "2003.12.28"]
[Round "3.5"]
[White "Karmann, Alexander"]
[Black "Klinger, Severin"]
[Result "1/2-1/2"]
[WhiteElo "1774"]
[BlackElo "1530"]
[PlyCount "82"]
[EventDate "2003.12.27"]
[EventType "team-swiss"]
[EventRounds "7"]
[EventCountry "GER"]
[SourceTitle "EXT 2022"]
[Source "ChessBase"]
[SourceDate "2021.10.06"]
[SourceVersion "1"]
[SourceVersionDate "2021.10.06"]
[SourceQuality "1"]
[WhiteTeam "Porz SG U20"]
[BlackTeam "Geretsried TuS U20"]
[WhiteTeamCountry "GER"]
[BlackTeamCountry "GER"]

1. e4 e6 2. d4 d5 3. Nd2 Nf6 4. e5 Nfd7 5. Bd3 c5 6. c3 Nc6 7. Ne2 Qb6 8. Nf3 f6 9. exf6 Nxf6 10. 0-0 c4 11. Bc2 Bd6 12. Re1 Qc7 13. Ng3 0-0 14. Be3 Bd7 15. Qd2 Rae8 16. Re2 e5 17. dxe5 Nxe5 18. Nxe5 Bxe5 19. Bd4 Bf4 20. Be3 Bd6 21. Bg5 Rxe2 22. Qxe2 h6 23. Bxf6 Rxf6 24. Re1 Bc5 25. Rf1 Re6 26. Qd2 Bc6 27. Bd1 Qa5 28. b4 cxb3 29. Bxb3 Kh8 30. Nf5 Re4 31. Rd1 Re6 32. h3 Rf6 33. Nd4 Qc7 34. Re1 Qf4 35. Qxf4 Rxf4 36. Rd1 Bxd4 37. Rxd4 Rxd4 38. cxd4 Kg8 39. f4 Kf7 40. g4 g6 41. Kf2 a5 1/2-1/2

[Event "Bayern-ch U14"]
[Site "Mimberg"]
[Date "2002.04.04"]
[Round "5"]
[White "Klinger, Severin"]
[Black "Fesl, Juergen"]
[Result "1-0"]
[WhiteElo "1252"]
[BlackElo "1090"]
[PlyCount "53"]
[EventDate "2002.04.??"]
[EventType "swiss"]
[EventRounds "7"]
[EventCountry "GER"]
[SourceTitle "EXT 2004"]
[Source "ChessBase"]
[SourceDate "2003.11.25"]
[SourceVersion "1"]
[SourceVersionDate "2003.11.25"]
[SourceQuality "1"]

1. e4 Nf6 2. e5 Nd5 3. g3 d6 4. d4 dxe5 5. dxe5 Nc6 6. Bg2 Ndb4 7. Bxc6+ bxc6 8. Qxd8+ Kxd8 9. Na3 Bf5 10. c3 Be4 11. f3 Nd3+ 12. Ke2 Nxc1+ 13. Rxc1 Bf5 14. f4 e6 15. Nc2 Rb8 16. b3 Ba3 17. Rd1+ Ke7 18. Nxa3 Rhd8 19. Nf3 Bg4 20. Ke3 f6 21. h3 Bxh3 22. Rxd8 Rxd8 23. Rxh3 fxe5 24. Nxe5 Kd6 25. Nac4+ Kc5 26. Rh5 Kb5 27. Nf7+ 1-0